000 00314nam a2200133 i 4500
001 bg
100 1 _aJaworski, Tadeusz.
245 0 _aDemokracja w przedsiębiorstwie /
_cT.B. Jaworski.
260 _aWarszawa,
_c1984.
040 _cBPK
041 _apol
942 _cKS
008 s pl f |000 0 pol
999 _c1062
_d1062
856 _uhttp://koha.tu.koszalin.pl/cgi-bin/koha/opac-detail.pl?biblionumber=1062
_yKatalog online BPK